<?xml version="1.0" encoding="UTF-8"?>
<marc:record xmlns:marc="http://www.loc.gov/MARC21/slim" type="Bibliographic">
   <marc:leader>00000pam a2200000 c 4500</marc:leader>
   <marc:controlfield tag="001">959714979</marc:controlfield>
   <marc:controlfield tag="003">DE-101</marc:controlfield>
   <marc:controlfield tag="005">20171203094431.0</marc:controlfield>
   <marc:controlfield tag="007">tu</marc:controlfield>
   <marc:controlfield tag="008">000829s2000    gw ||||| |||| 00||||ger  </marc:controlfield>
   <marc:datafield ind1=" " ind2=" " tag="015">
      <marc:subfield code="a">00,A46,0356</marc:subfield>
      <marc:subfield code="z">00,N39,0130</marc:subfield>
      <marc:subfield code="2">dnb</marc:subfield>
   </marc:datafield>
   <marc:datafield ind1="7" ind2=" " tag="016">
      <marc:subfield code="2">DE-101</marc:subfield>
      <marc:subfield code="a">959714979</marc:subfield>
   </marc:datafield>
   <marc:datafield ind1=" " ind2=" " tag="020">
      <marc:subfield code="a">9783878686262</marc:subfield>
      <marc:subfield code="c">kart. : DM 14.80, sfr 14.80, S 108.00</marc:subfield>
      <marc:subfield code="9">978-3-87868-626-2</marc:subfield>
   </marc:datafield>
   <marc:datafield ind1=" " ind2=" " tag="020">
      <marc:subfield code="a">3878686269</marc:subfield>
      <marc:subfield code="c">kart. : DM 14.80, sfr 14.80, S 108.00</marc:subfield>
      <marc:subfield code="9">3-87868-626-9</marc:subfield>
   </marc:datafield>
   <marc:datafield ind1=" " ind2=" " tag="035">
      <marc:subfield code="a">(DE-599)DNB959714979</marc:subfield>
   </marc:datafield>
   <marc:datafield ind1=" " ind2=" " tag="035">
      <marc:subfield code="a">(OCoLC)237377110</marc:subfield>
   </marc:datafield>
   <marc:datafield ind1=" " ind2=" " tag="040">
      <marc:subfield code="a">1240</marc:subfield>
      <marc:subfield code="b">ger</marc:subfield>
      <marc:subfield code="c">DE-101</marc:subfield>
      <marc:subfield code="d">9999</marc:subfield>
   </marc:datafield>
   <marc:datafield ind1=" " ind2=" " tag="041">
      <marc:subfield code="a">ger</marc:subfield>
   </marc:datafield>
   <marc:datafield ind1=" " ind2=" " tag="043">
      <marc:subfield code="c">XA-DE</marc:subfield>
      <marc:subfield code="c">XA-DE</marc:subfield>
      <marc:subfield code="c">XA-ES</marc:subfield>
      <marc:subfield code="c">XA-ES</marc:subfield>
   </marc:datafield>
   <marc:datafield ind1=" " ind2=" " tag="044">
      <marc:subfield code="c">XA-DE</marc:subfield>
   </marc:datafield>
   <marc:datafield ind1=" " ind2=" " tag="084">
      <marc:subfield code="a">12</marc:subfield>
      <marc:subfield code="a">200</marc:subfield>
      <marc:subfield code="a">220</marc:subfield>
      <marc:subfield code="a">230</marc:subfield>
      <marc:subfield code="q">DE-101</marc:subfield>
      <marc:subfield code="2">sdnb</marc:subfield>
   </marc:datafield>
   <marc:datafield ind1=" " ind2=" " tag="084">
      <marc:subfield code="a">3.6p</marc:subfield>
      <marc:subfield code="a">3.3b</marc:subfield>
      <marc:subfield code="a">3.5a</marc:subfield>
      <marc:subfield code="a">3.6p</marc:subfield>
      <marc:subfield code="a">12.2p</marc:subfield>
      <marc:subfield code="a">3.3b</marc:subfield>
      <marc:subfield code="a">3.5a</marc:subfield>
      <marc:subfield code="a">3.6p</marc:subfield>
      <marc:subfield code="a">12.2p</marc:subfield>
      <marc:subfield code="a">3.3c</marc:subfield>
      <marc:subfield code="a">3.5a</marc:subfield>
      <marc:subfield code="a">3.6p</marc:subfield>
      <marc:subfield code="a">12.2p</marc:subfield>
      <marc:subfield code="a">3.3c</marc:subfield>
      <marc:subfield code="a">3.5a</marc:subfield>
      <marc:subfield code="q">DE-101</marc:subfield>
      <marc:subfield code="2">sswd</marc:subfield>
   </marc:datafield>
   <marc:datafield ind1=" " ind2=" " tag="090">
      <marc:subfield code="a">b</marc:subfield>
   </marc:datafield>
   <marc:datafield ind1="1" ind2=" " tag="100">
      <marc:subfield code="0">(DE-588)115543325</marc:subfield>
      <marc:subfield code="0">http://d-nb.info/gnd/115543325</marc:subfield>
      <marc:subfield code="0">(DE-101)115543325</marc:subfield>
      <marc:subfield code="a">Stutz, Pierre</marc:subfield>
      <marc:subfield code="d">1953-</marc:subfield>
      <marc:subfield code="e">Verfasser</marc:subfield>
      <marc:subfield code="4">aut</marc:subfield>
   </marc:datafield>
   <marc:datafield ind1="0" ind2="0" tag="245">
      <marc:subfield code="a">Licht in dunkelster Nacht</marc:subfield>
      <marc:subfield code="b">vier Briefe an bekannte Mystiker</marc:subfield>
      <marc:subfield code="c">Pierre Stutz</marc:subfield>
   </marc:datafield>
   <marc:datafield ind1=" " ind2=" " tag="250">
      <marc:subfield code="a">Überarb. und aktualisierte Neuaufl. von Teil 1 des Buches "Vom Unbegreiflichen ergriffen", 1. Aufl.</marc:subfield>
   </marc:datafield>
   <marc:datafield ind1=" " ind2=" " tag="259">
      <marc:subfield code="a">11</marc:subfield>
   </marc:datafield>
   <marc:datafield ind1=" " ind2="1" tag="264">
      <marc:subfield code="a">Münsterschwarzach</marc:subfield>
      <marc:subfield code="b">Vier-Türme-Verl.</marc:subfield>
      <marc:subfield code="c">2000</marc:subfield>
   </marc:datafield>
   <marc:datafield ind1=" " ind2=" " tag="300">
      <marc:subfield code="a">113 S.</marc:subfield>
      <marc:subfield code="c">19 cm</marc:subfield>
   </marc:datafield>
   <marc:datafield ind1=" " ind2=" " tag="336">
      <marc:subfield code="a">Text</marc:subfield>
      <marc:subfield code="b">txt</marc:subfield>
      <marc:subfield code="2">rdacontent</marc:subfield>
   </marc:datafield>
   <marc:datafield ind1=" " ind2=" " tag="337">
      <marc:subfield code="a">ohne Hilfsmittel zu benutzen</marc:subfield>
      <marc:subfield code="b">n</marc:subfield>
      <marc:subfield code="2">rdamedia</marc:subfield>
   </marc:datafield>
   <marc:datafield ind1=" " ind2=" " tag="338">
      <marc:subfield code="a">Band</marc:subfield>
      <marc:subfield code="b">nc</marc:subfield>
      <marc:subfield code="2">rdacarrier</marc:subfield>
   </marc:datafield>
   <marc:datafield ind1="1" ind2=" " tag="490">
      <marc:subfield code="a">Münsterschwarzacher Kleinschriften</marc:subfield>
      <marc:subfield code="v">Bd. 126</marc:subfield>
   </marc:datafield>
   <marc:datafield ind1="0" ind2="7" tag="600">
      <marc:subfield code="0">(DE-588)118550993</marc:subfield>
      <marc:subfield code="0">http://d-nb.info/gnd/118550993</marc:subfield>
      <marc:subfield code="0">(DE-101)118550993</marc:subfield>
      <marc:subfield code="a">Hildegard</marc:subfield>
      <marc:subfield code="c">von Bingen, Heilige</marc:subfield>
      <marc:subfield code="d">1098-1179</marc:subfield>
      <marc:subfield code="2">gnd</marc:subfield>
   </marc:datafield>
   <marc:datafield ind1="1" ind2="7" tag="600">
      <marc:subfield code="0">(DE-588)118621009</marc:subfield>
      <marc:subfield code="0">http://d-nb.info/gnd/118621009</marc:subfield>
      <marc:subfield code="0">(DE-101)118621009</marc:subfield>
      <marc:subfield code="a">Tauler, Johannes</marc:subfield>
      <marc:subfield code="d">1300-1361</marc:subfield>
      <marc:subfield code="2">gnd</marc:subfield>
   </marc:datafield>
   <marc:datafield ind1="0" ind2="7" tag="600">
      <marc:subfield code="0">(DE-588)118621823</marc:subfield>
      <marc:subfield code="0">http://d-nb.info/gnd/118621823</marc:subfield>
      <marc:subfield code="0">(DE-101)118621823</marc:subfield>
      <marc:subfield code="a">Teresa</marc:subfield>
      <marc:subfield code="c">de Jesús</marc:subfield>
      <marc:subfield code="d">1515-1582</marc:subfield>
      <marc:subfield code="2">gnd</marc:subfield>
   </marc:datafield>
   <marc:datafield ind1="0" ind2="7" tag="600">
      <marc:subfield code="0">(DE-588)118640038</marc:subfield>
      <marc:subfield code="0">http://d-nb.info/gnd/118640038</marc:subfield>
      <marc:subfield code="0">(DE-101)118640038</marc:subfield>
      <marc:subfield code="a">Juan</marc:subfield>
      <marc:subfield code="c">de la Cruz</marc:subfield>
      <marc:subfield code="d">1542-1591</marc:subfield>
      <marc:subfield code="2">gnd</marc:subfield>
   </marc:datafield>
   <marc:datafield ind1=" " ind2="7" tag="650">
      <marc:subfield code="0">(DE-588)4041003-1</marc:subfield>
      <marc:subfield code="0">http://d-nb.info/gnd/4041003-1</marc:subfield>
      <marc:subfield code="0">(DE-101)04041003X</marc:subfield>
      <marc:subfield code="a">Mystik</marc:subfield>
      <marc:subfield code="2">gnd</marc:subfield>
   </marc:datafield>
   <marc:datafield ind1=" " ind2="7" tag="650">
      <marc:subfield code="0">(DE-588)4041003-1</marc:subfield>
      <marc:subfield code="0">http://d-nb.info/gnd/4041003-1</marc:subfield>
      <marc:subfield code="0">(DE-101)04041003X</marc:subfield>
      <marc:subfield code="a">Mystik</marc:subfield>
      <marc:subfield code="2">gnd</marc:subfield>
   </marc:datafield>
   <marc:datafield ind1=" " ind2="7" tag="650">
      <marc:subfield code="0">(DE-588)4041003-1</marc:subfield>
      <marc:subfield code="0">http://d-nb.info/gnd/4041003-1</marc:subfield>
      <marc:subfield code="0">(DE-101)04041003X</marc:subfield>
      <marc:subfield code="a">Mystik</marc:subfield>
      <marc:subfield code="2">gnd</marc:subfield>
   </marc:datafield>
   <marc:datafield ind1=" " ind2="7" tag="650">
      <marc:subfield code="0">(DE-588)4041003-1</marc:subfield>
      <marc:subfield code="0">http://d-nb.info/gnd/4041003-1</marc:subfield>
      <marc:subfield code="0">(DE-101)04041003X</marc:subfield>
      <marc:subfield code="a">Mystik</marc:subfield>
      <marc:subfield code="2">gnd</marc:subfield>
   </marc:datafield>
   <marc:datafield ind1="0" ind2="0" tag="689">
      <marc:subfield code="0">(DE-588)118550993</marc:subfield>
      <marc:subfield code="0">http://d-nb.info/gnd/118550993</marc:subfield>
      <marc:subfield code="0">(DE-101)118550993</marc:subfield>
      <marc:subfield code="D">p</marc:subfield>
      <marc:subfield code="a">Hildegard</marc:subfield>
      <marc:subfield code="c">von Bingen, Heilige</marc:subfield>
      <marc:subfield code="d">1098-1179</marc:subfield>
   </marc:datafield>
   <marc:datafield ind1="0" ind2="1" tag="689">
      <marc:subfield code="0">(DE-588)4041003-1</marc:subfield>
      <marc:subfield code="0">http://d-nb.info/gnd/4041003-1</marc:subfield>
      <marc:subfield code="0">(DE-101)04041003X</marc:subfield>
      <marc:subfield code="D">s</marc:subfield>
      <marc:subfield code="a">Mystik</marc:subfield>
   </marc:datafield>
   <marc:datafield ind1="0" ind2=" " tag="689">
      <marc:subfield code="5">DE-101</marc:subfield>
      <marc:subfield code="5">DE-101</marc:subfield>
   </marc:datafield>
   <marc:datafield ind1="1" ind2="0" tag="689">
      <marc:subfield code="0">(DE-588)118621009</marc:subfield>
      <marc:subfield code="0">http://d-nb.info/gnd/118621009</marc:subfield>
      <marc:subfield code="0">(DE-101)118621009</marc:subfield>
      <marc:subfield code="D">p</marc:subfield>
      <marc:subfield code="a">Tauler, Johannes</marc:subfield>
      <marc:subfield code="d">1300-1361</marc:subfield>
   </marc:datafield>
   <marc:datafield ind1="1" ind2="1" tag="689">
      <marc:subfield code="0">(DE-588)4041003-1</marc:subfield>
      <marc:subfield code="0">http://d-nb.info/gnd/4041003-1</marc:subfield>
      <marc:subfield code="0">(DE-101)04041003X</marc:subfield>
      <marc:subfield code="D">s</marc:subfield>
      <marc:subfield code="a">Mystik</marc:subfield>
   </marc:datafield>
   <marc:datafield ind1="1" ind2=" " tag="689">
      <marc:subfield code="5">DE-101</marc:subfield>
      <marc:subfield code="5">DE-101</marc:subfield>
   </marc:datafield>
   <marc:datafield ind1="2" ind2="0" tag="689">
      <marc:subfield code="0">(DE-588)118621823</marc:subfield>
      <marc:subfield code="0">http://d-nb.info/gnd/118621823</marc:subfield>
      <marc:subfield code="0">(DE-101)118621823</marc:subfield>
      <marc:subfield code="D">p</marc:subfield>
      <marc:subfield code="a">Teresa</marc:subfield>
      <marc:subfield code="c">de Jesús</marc:subfield>
      <marc:subfield code="d">1515-1582</marc:subfield>
   </marc:datafield>
   <marc:datafield ind1="2" ind2="1" tag="689">
      <marc:subfield code="0">(DE-588)4041003-1</marc:subfield>
      <marc:subfield code="0">http://d-nb.info/gnd/4041003-1</marc:subfield>
      <marc:subfield code="0">(DE-101)04041003X</marc:subfield>
      <marc:subfield code="D">s</marc:subfield>
      <marc:subfield code="a">Mystik</marc:subfield>
   </marc:datafield>
   <marc:datafield ind1="2" ind2=" " tag="689">
      <marc:subfield code="5">DE-101</marc:subfield>
      <marc:subfield code="5">DE-101</marc:subfield>
   </marc:datafield>
   <marc:datafield ind1="3" ind2="0" tag="689">
      <marc:subfield code="0">(DE-588)118640038</marc:subfield>
      <marc:subfield code="0">http://d-nb.info/gnd/118640038</marc:subfield>
      <marc:subfield code="0">(DE-101)118640038</marc:subfield>
      <marc:subfield code="D">p</marc:subfield>
      <marc:subfield code="a">Juan</marc:subfield>
      <marc:subfield code="c">de la Cruz</marc:subfield>
      <marc:subfield code="d">1542-1591</marc:subfield>
   </marc:datafield>
   <marc:datafield ind1="3" ind2="1" tag="689">
      <marc:subfield code="0">(DE-588)4041003-1</marc:subfield>
      <marc:subfield code="0">http://d-nb.info/gnd/4041003-1</marc:subfield>
      <marc:subfield code="0">(DE-101)04041003X</marc:subfield>
      <marc:subfield code="D">s</marc:subfield>
      <marc:subfield code="a">Mystik</marc:subfield>
   </marc:datafield>
   <marc:datafield ind1="3" ind2=" " tag="689">
      <marc:subfield code="5">DE-101</marc:subfield>
      <marc:subfield code="5">DE-101</marc:subfield>
   </marc:datafield>
   <marc:datafield ind1=" " ind2="0" tag="830">
      <marc:subfield code="a">Münsterschwarzacher Kleinschriften</marc:subfield>
      <marc:subfield code="v">Bd. 126</marc:subfield>
      <marc:subfield code="w">(DE-101)01456338X</marc:subfield>
      <marc:subfield code="w">(DE-600)845128-x</marc:subfield>
      <marc:subfield code="9">3126</marc:subfield>
      <marc:subfield code="7">as</marc:subfield>
   </marc:datafield>
   <marc:datafield ind1=" " ind2=" " tag="850">
      <marc:subfield code="a">DE-101a</marc:subfield>
      <marc:subfield code="a">DE-101b</marc:subfield>
   </marc:datafield>
   <marc:datafield ind1="r" ind2=" " tag="925">
      <marc:subfield code="a">ra</marc:subfield>
   </marc:datafield>
</marc:record>
